000 00691cab a2200217 4500
001 WB3001-20
008 090401t1994 xxu||||| |||| 00| 0 eng d
035 _a(Sirsi) u41991
041 _aeng
245 _aEEA is largest free trade zone
260 _c1994
350 _a0
490 _aFinancial Times
_v1 January 1994, 1&22(2)
520 _aAustria, Finland, Norway, Sweden and Iceland has joined with the 12 European Union member countries to create the European Economic Area, the largest free trade zone in the world. Map.
650 _aEC
650 _aEUROPEAN ECONOMIC AREA
650 _aFREE TRADE
690 _aECONOMIC AND SOCIAL
942 _n0
948 _c04/03/1997
999 _c26967
_d26967